LIBRARY & INFORMATION CENTRE, KCAET, TAVANUR

ONLINE PUBLIC ACCESS CATALOGUE (OPAC)

Power machinery systems and ergonomics, safety and health (Record no. 13316)

MARC details
000 -LEADER
fixed length control field 00381cam a2200145ua 4500
003 - CONTROL NUMBER IDENTIFIER
control field OSt
008 - FIXED-LENGTH DATA ELEMENTS--GENERAL INFORMATION
fixed length control field 230505b |||||||| |||| 00| 0 eng d
041 ## - LANGUAGE CODE
Language code of text/sound track or separate title eng
082 ## - DEWEY DECIMAL CLASSIFICATION NUMBER
Classification number 620.82
Item number IIT/PO
245 00 - TITLE STATEMENT
Title Power machinery systems and ergonomics, safety and health
260 ## - PUBLICATION, DISTRIBUTION, ETC. (IMPRINT)
Place of publication New Delhi :
Name of publisher Anamaya Publishers ,
Year of publication 2004.
300 ## - PHYSICAL DESCRIPTION
Number of Pages 399 ; .
650 ## - SUBJECT ADDED ENTRY--TOPICAL TERM
Topical Term 620.82
942 ## - ADDED ENTRY ELEMENTS (KOHA)
Koha item type Books
Holdings
Withdrawn status Lost status Damaged status Home library Current library Date acquired Full call number Accession Number Koha item type
      KAUAET KAUAET 07/04/2012 620.82 21574 Books
free website counter